00781cam a22002537a 4500003000500000005001700005008004100022010001000063011001000073035001000083040000900093082001800102100001800120245007500138260003400213300001100247490003800258650002800296650004500324650004000369650003600409650004400445830003800489CHAP20220817043027.0971010s1982 r 00010 d a63183 a64155 a69399 cCHAP04a327.7207bB3y00aBaird, Peter.10aMéxico - Estados Unidosb: relaciones económicas y lucha de clases aMéxico, D. F. :bEra,c1982 a330 p. 0aColección problemas de México14aComercio internacional.14aE.U.A.xRelaciones exterioresxMéxico.14aMéxicoxCondiciones económicas.14aMéxicoxCondiciones sociales.14aMéxicoxRelaciones exterioresxE.U.A.0 aColección problemas de México